Outsourcing (Record no. 80554)

MARC details
000 -LEADER
fixed length control field 01092cab a22001935a 4500
001 - CONTROL NUMBER
control field L144696
008 - FIXED-LENGTH DATA ELEMENTS--GENERAL INFORMATION
fixed length control field 080805s2008 xxk f 000 0 eng d
035 ## - SYSTEM CONTROL NUMBER
System control number (Sirsi) u144696
041 0# - LANGUAGE CODE
Language code of text/sound track or separate title eng
100 1# - MAIN ENTRY--PERSONAL NAME
Personal name Thomas, Melita
245 00 - TITLE STATEMENT
Title Outsourcing
Remainder of title what not to do
260 ## - PUBLICATION, DISTRIBUTION, ETC.
Date of publication, distribution, etc. 2008
490 #0 - SERIES STATEMENT
Series statement Facilities Management
Volume/sequential designation August 2008, 15(11), 18-19(2)
520 ## - SUMMARY, ETC.
Summary, etc. Explains that a good outsourcing contract should meet the needs of both parties i.e. clear, deliverable services, and that everyone involved should have a clear understanding of their roles and responsibilities. Identifies the main problems: unclear scope; inaccurate or incomplete data; ill-defined role of the retaining team; no management of the ongoing contract; lack of communication with internal team and tenants; lack of communication between client and service provider. Sets out how to solve these problems. Concludes that failing to plan is planning to fail.
590 ## - LOCAL NOTE (RLIN)
Local note KA
651 #4 - SUBJECT ADDED ENTRY--GEOGRAPHIC NAME
Geographic name United Kingdom
Chronological subdivision
690 ## - LOCAL SUBJECT ADDED ENTRY--TOPICAL TERM (OCLC, RLIN)
Topical term or geographic name as entry element BUILT ENVIRONMENT-CONSTRUCTION MANAGEMENT-BUILDING CONTRACT ADMINISTRATION
942 ## - ADDED ENTRY ELEMENTS (KOHA)
Suppress in OPAC 0
Holdings
Withdrawn status Lost status Source of classification or shelving scheme Damaged status Not for loan Home library Current library Shelving location Date acquired Total Checkouts Full call number Barcode Date last seen Copy number Price effective from Koha item type
    Dewey Decimal Classification     London London Journal article 05/08/2008   L144696 144696-1001 06/08/2019 1 06/08/2019 Journal article